000 00675nam a2200229 i 4500
001 000031427
003 DO-SdBNP
005 20231229113914.0
007 ta
008 110622s1966 dr a 000 0 spa d
040 _aDO-SdBNP
_bspa
_cBNPHU
_erda
082 _a784.2
_bM533 1966
_222
245 1 0 _aMemoria orquesta sinfónica nacional
_b25 años, 1941-1966 /
264 1 _aSanto Domingo :
_bArte y Cine,
_c[1966].
300 _ax, 170 páginas
_bilustraciones
_c20 cm.
336 _2rdacontent
_atexto
_btxt
337 _2rdamedia
_asin mediación
_bn
338 _2rdacarrier
_avolumen
_bnc
590 _aInventariado, 2023/ YL
910 _aYLockward
942 _2ddc
_cLBS1
999 _c30919
_d30919